000 00391nam a2200133Ia 4500
008 100328s9999 xx 000 0 und d
082 _b63623
100 _aदळवी प्रशांत.
245 _aसेलिब्रेशन.
260 _bपॉप्युलर.
630 _aसेलिब्रेशन.
730 _aसेलिब्रेशन.
942 _cBOOK
999 _c549491
_d549488